000
00278nam a2200109Ia 4500
008
220204s9999 xx 000 0 und d
082
_a
66(035)
_b
MUL
245
0
_a
Handbook and directory of industry, 1993-94
260
_a
Bombay
_b
Bombay market
_c
1994
700
_a
K
942
_c
BK
999
_c
40786
_d
40786